00797nam a2200205Ia 4500008004100000020001000041040001900051041001200070082003500082245010800117250001300225260004700238300002100285700002300306850002000329942000700349999001700356952010900373952010900482131103s9999 xx 000 0 und d cRs. 9 aLoreto College aEnglish a423.2/PATbLCLIB/17370, 1 copy aBhargava's standard illustrated dictionary of the English languageccomplied and edited by R. C. Pathak aRep. ed. aBenaresbShree Ganga Pustakalayac[19- -?] a1262p. c 22c.m. aPathak, R. C.; ed. aLCLIB/423.2/PAT cBK c23769d74248 00104070aMAINbMAINd2013-11-04l0o423.2/PAT LCLIB/17370, 1 copypB26435r2013-11-04w2013-11-04yBK 00104070aMAINbMAINd2013-11-04l0o423.2/PAT LCLIB/17370, 1 copypB26436r2013-11-04w2013-11-04yBK